| 000 -LEADER |
| fixed length control field |
00539nam a22001817a 4500 |
| 005 - DATE AND TIME OF LATEST TRANSACTION |
| control field |
20210427065447.0 |
| 008 - FIXED-LENGTH DATA ELEMENTS--GENERAL INFORMATION |
| fixed length control field |
210304s2001 ||||| |||| 00| 0 eng d |
| 040 ## - CATALOGING SOURCE |
| Original cataloging agency |
eng |
| Transcribing agency |
DLC |
| 041 ## - LANGUAGE CODE |
| Language code of text/sound track or separate title |
eng |
| 082 ## - DEWEY DECIMAL CLASSIFICATION NUMBER |
| Classification number |
070 |
| Item number |
N-27 |
| 110 ## - MAIN ENTRY--CORPORATE NAME |
| 9 (RLIN) |
928 |
| Corporate name or jurisdiction name as entry element |
National Geographic Society |
| 245 ## - TITLE STATEMENT |
| Title |
National Geographic / November 2001 / Vol. 200, No. 5 |
| Statement of responsibility, etc. |
/ by: National Geographic Society |
| 260 ## - PUBLICATION, DISTRIBUTION, ETC. |
| Place of publication, distribution, etc. |
Washington DC |
| Name of publisher, distributor, etc. |
National Geographic Society |
| Date of publication, distribution, etc. |
2001 |
| 300 ## - PHYSICAL DESCRIPTION |
| Extent |
135 p. |
| Other physical details |
ill. |
| 650 #0 - SUBJECT ADDED ENTRY--TOPICAL TERM |
| 9 (RLIN) |
1229 |
| Topical term or geographic name entry element |
Press |
| 653 ## - INDEX TERM--UNCONTROLLED |
| Uncontrolled term |
პრესა |
| 942 ## - ADDED ENTRY ELEMENTS (KOHA) |
| Source of classification or shelving scheme |
|
| Koha item type |
periodicals |